• 首页
  • 本馆介绍
  • 公告通知
  • 最新文献
  • 馆藏检索
  • 电子资源
  • 读者导购
  • 参考咨询
  • 我的图书馆
  • 登录
  • 详细信息显示
  • 放入我的书架
  • 预约/预借图书
  • 作者相关作品
  • 分类相关作品
  • 丛书相关作品
  • 出版社相关作品

书目信息

  • 表格格式
  • 工作单格式
  • 卡片格式
题名:
音乐院校报考指南
    
 
作者: 陈建华 编
分册:  
出版信息: 上海   上海音乐出版社  1995
页数: 135页
开本: 32开
丛书名:
单 册:
中图分类: G649.28
科图分类:
主题词: 音乐--艺术学校:高等学校--指南
电子资源:
ISBN: 7-80553-520-5
000 00569nam0 2200193 45
001 0109271504
005 20031219104050.8
010    @a7-80553-520-5@dCNY6.00
100    @a20010927d1995 km y0chiy0120 ea
101 0  @achi
105    @a z 000yy
200 1  @a音乐院校报考指南@AYin Yue Yuan Xiao Bao Kao Zhi Nan@f陈建华编@FChen Jian Hua Bian
210    @a上海@c上海音乐出版社@d1995
215    @a135页@d32开
606 0  @x音乐@x艺术学校:高等学校@x指南
690    @aG649.28@v4
701    @a陈建华@4编
801    @aCN@bTSTC@c20010927
905    @f2@b299274-275@dG649.28@e144
    
    音乐院校报考指南/陈建华编.-上海:上海音乐出版社,1995
    135页;32开
    
    
    ISBN 7-80553-520-5:CNY6.00
    
●
相关链接 在E读中查询图书 在五车中查询图书 在当当中查询图书 在豆瓣中查询图书


正题名:音乐院校报考指南     索取号:G649.28/144         预约/预借

序号 登录号 条形码 馆藏地/架位号 状态 备注
1 0299274   202992743   第四借阅区/ [索取号:G649.28/144] 在馆    
2 0299275   202992752   第一样本阅览室/ [索取号:G649.28/144] 在馆    
唐山师范学院图书馆 欢迎您!
大连网信软件有限公司© 版权所有